Cytogenetics: an introduction

Na minha lista:
Detalhes bibliográficos
Autor principal: E D Garber
Formato: Livro
Idioma:Undetermined
Publicado em: New York McGraw-Hill Book Company 1972
Assuntos:
Tags: Adicionar Tag
Sem tags, seja o primeiro a adicionar uma tag!
Thư viện lưu trữ: Trung tâm Học liệu Trường Đại học Cần Thơ
LEADER 00479nam a2200181Ia 4500
001 CTU_29929
008 210402s9999 xx 000 0 und d
082 |a 574.873223 
082 |b G213 
100 |a E D Garber 
245 0 |a Cytogenetics: an introduction 
245 0 |c E D Garber 
260 |a New York 
260 |b McGraw-Hill Book Company 
260 |c 1972 
650 |a cytogenetics 
904 |i Liên, 981223 
980 |a Trung tâm Học liệu Trường Đại học Cần Thơ